00776 2200313 4500001002100000005001500021035002500036090001800061245004500079260003100124300005100155008004100206040001700247082001500264084001700279100001800296500001100314650001700325850001200342041000800354990001200362990001000374990001000384990001800394990001200412990001000424990001000434990001800444YOGYA00000000009333620180720085945 a0010-081400000093053 a636.085 Ang I0 aIlmu makanan ternak umum /cR. Anggorodi aJakarta :bGramedia,c1979 axiii, 260 halaman :bilustrasi, tabel ;c21 cm131106s ind  aYOPDYOGbind04223a664.76 a664.76 ANG i1 aAnggorodi, R. aIndeks 4aPakan ternak aYOPDYOG0 aind a13719-P a634-P a634-P a17937-PD/A.06 a13719-P a634-P a634-P a17937-PD/A.06